书目信息 |
| 题名: |
光荣与陷阱:纵横太平天国 A
|
|
| 作者: | 贺永龙 , 张虹生 编著 | |
| 分册: | ||
| 出版信息: | 北京 中国华侨出版社 2000.01 |
|
| 页数: | 407页 | |
| 开本: | 32开 | |
| 丛书名: | ||
| 单 册: | ||
| 中图分类: | K254 | |
| 科图分类: | ||
| 主题词: | 中国--历史--1840~1949 | |
| 电子资源: | ||
| ISBN: | 7-80120-371-2 | |
| 000 | 00669nam0 2200205 45 | |
| 001 | 0010251673 | |
| 005 | 20001025160925.5 | |
| 010 | @a7-80120-371-2@d21.80元 | |
| 100 | @a20001025d2000 km y0chiy0120 ea | |
| 101 | 0 | @achi |
| 105 | @a z 000yy | |
| 200 | 1 | @a光荣与陷阱:纵横太平天国 A@AGuang Rong Yu Xian Jing:Zong Heng Tai Ping Tian Guo A@f贺永龙,张虹生等编著@FHe Yong Long,Zhang Hong Sheng Deng Bian Zhu |
| 210 | @a北京@c中国华侨出版社@d2000.01 | |
| 215 | @a407页@d32开 | |
| 606 | 0 | @a中国@x历史@z1840~1949 |
| 690 | @aK254@v3 | |
| 701 | 0 | @a贺永龙@4编著 |
| 701 | 0 | @a张虹生@4编著 |
| 801 | @aCN@bPftUser@c20001025 | |
| 905 | @dK254@eZH784:1@b188892-894@f3 | |
| 光荣与陷阱:纵横太平天国 A/贺永龙,张虹生等编著.-北京:中国华侨出版社,2000.01 |
| 407页;32开 |
| ISBN 7-80120-371-2:21.80元 |
| ● |
| 相关链接 |
|
|
|
正题名:光荣与陷阱:纵横太平天国A
索取号:K254/ZH784:1
 
预约/预借
| 序号 | 登录号 | 条形码 | 馆藏地/架位号 | 状态 | 备注 |
| 1 | 188892 | 201888920 | 社科库309/309社科库 35排5列3层/ [索取号:K254/ZH784:1] | 在馆 | |
| 2 | 188893 | 201888939 | 社科库309/309社科库 35排5列3层/ [索取号:K254/ZH784:1] | 在馆 | |
| 3 | 188894 | 201888948 | 自科二线404/400A自科库 53排1列6层/ [索取号:K254/ZH784:1] | 在馆 |